000 00909nam a2200253Ia 4500
003 OSt
005 20221005112700.0
006 a|||||r|||| 00| 0
007 ta
008 221004b |||||||| |||| 00| 0 pan d
020 _a9788173293993 (hbk)
_cINR 800.00
024 _a33452
037 _b790, 27/02/2017, H.K. Prakashan
_cTextual
040 _aCRL
_cCRL
_bpan
041 _2pan
_apan
082 _aY73(P153):351, 153Q6
100 _aਰਜਿੰਦਰ ਕੌਰ, ਥਦ.
245 0 _aਲੋਕ ਕਲਾਵਾਂ ਅਤੇ ਮੀਡੀਆ
_b ਬਦਲਦੇ ਸੰਦਰਭ
260 _aਦਿੱਲੀ
_bFਿਲਾਲੇਖ ਭਾਰਤ
_c2016
300 _a223ਪ੍ਰ0
_ccm.
650 _a ਸੱਭਿਆਚਾਰ
942 _hY73(P153):351, 153Q6
_cTEXL
_2cc
999 _c1025649
_d1025649